Repercusiones de la revolución educativa en el nivel preescolar (Record no. 76118)

MARC details
000 -CABECERA
campo de control de longitud fija 00648nam a2200217 a 4500
005 - FECHA Y HORA DE LA ÚLTIMA TRANSACCIÓN
campo de control 20221007063456.0
008 - ELEMENTOS DE LONGITUD FIJA--INFORMACIÓN GENERAL
campo de control de longitud fija 991125n 000 0 u
035 ## - NÚMERO DE CONTROL DEL SISTEMA
Número de control de sistema UPN01000097309
100 1# - ASIENTO PRINCIPAL--NOMBRE PERSONAL
Nombre de persona Bertely Busquets, María
9 (RLIN) 34134
222 ## - TÍTULO CLAVE
Título clave CERO EN CONDUCTA
245 ## - MENCIÓN DE TÍTULO
Título Repercusiones de la revolución educativa en el nivel preescolar
300 ## - DESCRIPCIÓN FÍSICA
Extensión 31-40
362 ## - FECHAS DE PUBLICACIÓN Y/O DESIGNACIÓN SECUENCIAL
Fecha de publicación y/o designación secuencial 1985 Año 1, no. 1 (sep.-oct.)
653 0# - TERMINO DE INDIZACION - NO CONTROLADO
Término no controlado EDUCACION INFANTIL
653 0# - TERMINO DE INDIZACION - NO CONTROLADO
Término no controlado EDUCACION PREESCOLAR
653 0# - TERMINO DE INDIZACION - NO CONTROLADO
Término no controlado JARDIN DE NIÑOS
653 0# - TERMINO DE INDIZACION - NO CONTROLADO
Término no controlado REFORMA EDUCATIVA
650 ## - ASIENTO SECUNDARIO DE MATERIA - TERMINO TEMATICO
Término de materia o nombre geográfico como elemento de entrada FUNCION SOCIAL DE LA EDUCACION PREESCOLAR
904 ## - ELEMENTOS DE DATOS D LOCAL, LDD (RLIN)
a AC
b 035120
905 ## - TIPO DE MATERIAL
Tipo de material Articulo

No items available.